000 00506nam a2200181Ia 4500
999 _c14517
_d14517
003 OSt
005 20201020094418.0
008 190216s9999||||xx |||||||||||||| ||und||
020 _a9780007275472
040 _coclc
082 _a155.9042
_bGRA/W
100 _aGray, John
_92505
245 0 _aWhy Mars And Venus Collide /
_cJohn Gray
260 _bHarper Element ,
_c2008.
_aLondon:
300 _a248p
650 _aEnglish
942 _cBK
_2ddc
_h155.9042
_iGRA/W
_k155.9042
_mGRA/W